Capital Name Similar to Country Name - Statistics

General Stats
  • This quiz has been taken 6,955 times
    217 since last reset
  • The average score is 16 of 24
Answer Stats
Similarity Capital Name % Correct
Capital = Country + "City" Mexico City
93%
Capital = Country + "City" Guatemala City
90%
Capital = Country Vatican City
89%
Capital = Country Luxembourg
88%
Capital = Country Monaco
87%
Capital = Country San Marino
87%
Capital = Country + "City" Panama City
85%
First Word of Capital = Country Andorra la Vella
83%
Capital = Country + "City" Kuwait City
81%
Capital = Country Singapore
80%
First 6 Letters of Capital = First 6 Letters of Country (1 Rearranged) Algiers
73%
First 6 Letters of Capital = First 6 Letters of Country (1 Changed) Brasília
73%
Capital = Country Djibouti
68%
Capital = First 5 Letters of Country Tunis
68%
Last Word of Capital = Last Word of Country San Salvador
64%
Capital = Second Part of Country Bissau
60%
Capital = First Two Words of Country São Tomé
57%
First 3 Letters of Capital = First 3 Letters of Country Belmopan
54%
First 3 Letters of Capital = First 3 Letters of Country Taipei
51%
First Word of Capital = First Word of Country Sri Jayawardenepura Kotte
48%
First 5 Letters of 2nd Word of Capital = First 5 Letters of Country Santo Domingo
41%
Last 4 Letters of Capital = Last 4 Letters of Country Managua
37%
First 3 Letters of Capital = First 3 Letters of Country Malé
36%
Last 3 Letters of Capital = Last 3 Letters of Country Tehran
22%
No matching quizzes found
Score Distribution
Percent of People with Each Score
Percentile by Number Answered
Your Score History
You have not taken this quiz since the last reset